Normal view
MARC view
Entry Personal Name
001 - CONTROL NUMBER
- control field: 50203
003 - CONTROL NUMBER IDENTIFIER
- control field: dpl
005 - DATE AND TIME OF LATEST TRANSACTION
- control field: 20120717103000.0
008 - FIXED-LENGTH DATA ELEMENTS
- fixed length control field: 120717|||a|||||| | ||| d
040 ## - CATALOGING SOURCE
- Original cataloging agency: dpl
- Transcribing agency: dpl
100 ## - HEADING--PERSONAL NAME
- Personal name: Narayana Murthy , N.R
670 ## - SOURCE DATA FOUND
- Source citation: Work cat.: (dpl): Narayana Murthy , N.R, A Better India A Better World/, 2009
670 ## - SOURCE DATA FOUND
- Source citation: Work cat.: (dpl): Narayana Murthy , N.R, A Better India A Better World/, 2009
